[Event "VIII CAMPEONATO CONTINENTAL DE LAS AMERI"]
[Site "Hotel Casa Campestre - Cochaba"]
[Date "2013.05.12"]
[Round "8"]
[White "Borda, Carla"]
[Black "Medrano, Mario"]
[Result "1/2-1/2"]
[WhiteElo "1950"]
[BlackElo "2085"]
[PlyCount "82"]
[EventDate "2013.05.07"]
[EventRounds "11"]
[EventCountry "BOL"]

1. e4 c5 2. c3 d5 3. exd5 Qxd5 4. d4 Nc6 5. Nf3 Bf5 6. Be3 cxd4 7. cxd4 Bxb1 8.
Qxb1 e6 9. a3 Nf6 10. Bd3 Be7 11. O-O O-O 12. h3 h6 13. b4 a6 14. Rd1 Qd6 15.
Qb2 Nd5 16. Rac1 Bf6 17. Bb1 Nxe3 18. fxe3 Rfd8 19. Rd2 b6 20. Rcd1 Qg3 21. e4
e5 22. d5 Nd4 23. Rd3 Bg5 24. Nxd4 Be3+ 25. Kh1 exd4 26. Qxd4 Bxd4 27. Rxg3 Be5
28. Rgd3 Rac8 29. Ba2 Rd6 30. Bb3 h5 31. g4 hxg4 32. hxg4 Kh7 33. Kg2 Kh6 34.
Rh1+ Kg5 35. Bd1 Rf6 36. Rf1 Rxf1 37. Kxf1 Kf4 38. Rf3+ Kxe4 39. Rxf7 Rc7 40.
Bf3+ Kd4 41. Rxc7 Bxc7 1/2-1/2

[Event "VIII CAMPEONATO CONTINENTAL DE LAS AMERI"]
[Site "Hotel Casa Campestre - Cochaba"]
[Date "2013.05.12"]
[Round "8"]
[White "Tapia, Mauricio"]
[Black "Quiroga, Duberlin"]
[Result "1-0"]
[WhiteElo "1907"]
[BlackElo "2078"]
[PlyCount "88"]
[EventDate "2013.05.07"]
[EventRounds "11"]
[EventCountry "BOL"]

1. d4 d5 2. c4 c6 3. Nc3 Nf6 4. Nf3 dxc4 5. a4 Bf5 6. Bg5 Nbd7 7. e3 Qb6 8. Qc1
Qb4 9. Bxf6 gxf6 10. Nh4 Be6 11. e4 b5 12. Qd2 Rd8 13. axb5 cxb5 14. Rxa7 Nc5
15. d5 Nb3 16. Qc2 Bc8 17. Be2 Bh6 18. O-O Rg8 19. e5 Rg7 20. d6 Qc5 21. Rxe7+
Kf8 22. Ne4 Qc6 23. Nxf6 Nd4 24. Qd1 Nxe2+ 25. Qxe2 Bg5 26. Qf3 Qxf3 27. Nxf3
Bxf6 28. exf6 Rg6 29. d7 Rxd7 30. Rxd7 Bxd7 31. Ne5 Be6 32. Nxg6+ fxg6 33. Ra1
Kf7 34. Ra6 b4 35. Kf1 Kxf6 36. Ke1 Ke5 37. Kd2 h5 38. Rb6 b3 39. Kc3 h4 40.
Rxe6+ Kxe6 41. Kxc4 h3 42. gxh3 Ke5 43. Kxb3 Kf4 44. Kc4 Kf3 1-0

[Event "VIII CAMPEONATO CONTINENTAL DE LAS AMERI"]
[Site "Hotel Casa Campestre - Cochaba"]
[Date "2013.05.12"]
[Round "8"]
[White "Cordero, Daniela"]
[Black "Acosta, Mariano"]
[Result "1/2-1/2"]
[WhiteElo "2074"]
[BlackElo "1958"]
[PlyCount "144"]
[EventDate "2013.05.07"]
[EventRounds "11"]
[EventCountry "BOL"]

1. d4 Nf6 2. Nf3 g6 3. c4 Bg7 4. g3 O-O 5. Bg2 d5 6. cxd5 Nxd5 7. O-O c5 8. e3
cxd4 9. exd4 Nc6 10. Nc3 Bf5 11. Be3 Nxc3 12. bxc3 Be4 13. Qc1 Qa5 14. Rd1 Rad8
15. Nd2 Bxg2 16. Kxg2 e5 17. Nb3 Qd5+ 18. Kg1 b6 19. c4 Qe4 20. d5 Nd4 21. Bxd4
exd4 22. Nd2 Qf5 23. a4 h5 24. Nb3 d3 25. Ra2 Rfe8 26. Qf4 Qxf4 27. gxf4 Re4
28. Rxd3 Rxc4 29. f5 g5 30. a5 Rf4 31. axb6 axb6 32. Ra6 Rd6 33. Kg2 Rxf5 34.
Ra8+ Kh7 35. Rb8 Bf6 36. Nd2 Rdxd5 37. Rxd5 Rxd5 38. Rxb6 Bd4 39. Rb7 Kg6 40.
Nf3 Bf6 41. h3 Ra5 42. Rc7 Ra2 43. Rc6 Kg7 44. Rc5 Be7 45. Re5 Bf6 46. Rc5 Kg6
47. Rc6 Ra3 48. Ne5+ Kg7 49. Nf3 Be7 50. Nd4 Ra5 51. Rc7 Bd6 52. Rd7 Rd5 53.
Rxd6 Rxd6 54. Nf5+ Kf6 55. Nxd6 Ke6 56. Ne4 Kf5 57. Ng3+ Kg6 58. Ne2 Kf5 59.
Kg3 Ke4 60. Nc3+ Kd4 61. Ne2+ Kd3 62. Ng1 f6 63. Nf3 Ke4 64. h4 Kf5 65. Nd4+
Ke5 66. Nc6+ Ke4 67. hxg5 fxg5 68. f3+ Kd5 69. Ne7+ Ke6 70. Ng6 Kf6 71. Nf8 Kf5
72. Nh7 g4 1/2-1/2

[Event "VIII CAMPEONATO CONTINENTAL DE LAS AMERI"]
[Site "Hotel Casa Campestre - Cochaba"]
[Date "2013.05.12"]
[Round "8"]
[White "Borda, Cesar"]
[Black "Slomka, Gustavo"]
[Result "1/2-1/2"]
[WhiteElo "1838"]
[BlackElo "2055"]
[PlyCount "32"]
[EventDate "2013.05.07"]
[EventRounds "11"]
[EventCountry "BOL"]

1. e4 c5 2. Nf3 d6 3. d4 cxd4 4. Nxd4 Nf6 5. Nc3 g6 6. Be3 Bg7 7. f3 O-O 8. Bc4
Nc6 9. Qd2 Bd7 10. O-O-O Rc8 11. Bb3 Ne5 12. h4 Nc4 13. Bxc4 Rxc4 14. h5 Nxh5
15. g4 Nf6 16. Bh6 Nxe4 1/2-1/2

[Event "VIII CAMPEONATO CONTINENTAL DE LAS AMERI"]
[Site "Hotel Casa Campestre - Cochaba"]
[Date "2013.05.12"]
[Round "8"]
[White "Monroy Carrizo, Javier"]
[Black "Prado, Alexandra"]
[Result "1-0"]
[WhiteElo "2053"]
[BlackElo "1790"]
[PlyCount "77"]
[EventDate "2013.05.07"]
[EventRounds "11"]
[EventCountry "BOL"]

1. d4 Nf6 2. Nf3 g6 3. c4 Bg7 4. g3 O-O 5. Nc3 d6 6. Bg2 Nc6 7. d5 Na5 8. Nd2
c5 9. O-O a6 10. e4 Bd7 11. Qe2 Rb8 12. a4 Ng4 13. h3 Nf6 14. f4 e5 15. fxe5
Nh5 16. Qd3 Bxe5 17. Ne2 b5 18. g4 Nf6 19. cxb5 axb5 20. Nf3 Nc4 21. Nxe5 Nxe5
22. Qg3 Ne8 23. Bf4 f6 24. g5 bxa4 25. gxf6 Rxb2 26. Bxe5 dxe5 27. f7+ Rxf7 28.
Rxf7 Kxf7 29. Nc3 Qe7 30. Nxa4 Bxa4 31. Rxa4 Rb7 32. Ra6 Nc7 33. d6 Qd7 34.
dxc7 Qxc7 35. Qf2+ Kg7 36. Qf6+ Kg8 37. Rc6 Qd7 38. Rd6 Rb1+ 39. Kh2 1-0

[Event "VIII CAMPEONATO CONTINENTAL DE LAS AMERI"]
[Site "Hotel Casa Campestre - Cochaba"]
[Date "2013.05.12"]
[Round "8"]
[White "Cruz Pereyra, Andresantoni"]
[Black "Rivas, Lucas"]
[Result "1-0"]
[WhiteElo "1947"]
[BlackElo "1987"]
[PlyCount "66"]
[EventDate "2013.05.07"]
[EventRounds "11"]
[EventCountry "BOL"]

1. c4 Nf6 2. Nc3 g6 3. g3 Bg7 4. Bg2 O-O 5. Nf3 d6 6. O-O e5 7. d3 Nbd7 8. Rb1
Re8 9. Ne1 a5 10. a3 Ra6 11. b4 b6 12. Nc2 Nb8 13. Bd2 Bd7 14. Qc1 Qc8 15. bxa5
Rxa5 16. Nb5 Ra4 17. Nc3 Ra5 18. Nb5 Ra4 19. Nb4 Na6 20. Na7 Qb8 21. Nbc6 Bxc6
22. Bxc6 Nc5 23. Bxa4 Nxa4 24. Nb5 Qc8 25. Qd1 Qh3 26. f3 Nh5 27. Rf2 Nc5 28.
Nxc7 Rd8 29. Qf1 Qd7 30. Nd5 Qa4 31. Rxb6 Qxa3 32. Qb1 Qa7 33. Bc3 f5 1-0

[Event "VIII CAMPEONATO CONTINENTAL DE LAS AMERI"]
[Site "Hotel Casa Campestre - Cochaba"]
[Date "2013.05.12"]
[Round "8"]
[White "Coro, Renan"]
[Black "Molina, Ruben"]
[Result "1-0"]
[WhiteElo "1922"]
[BlackElo "2030"]
[PlyCount "79"]
[EventDate "2013.05.07"]
[EventRounds "11"]
[EventCountry "BOL"]

1. d4 Nf6 2. Bg5 d5 3. Bxf6 exf6 4. e3 c5 5. dxc5 Bxc5 6. c3 Nc6 7. Nd2 Be6 8.
Ngf3 Ne5 9. Be2 O-O 10. Nb3 Bd6 11. Nbd4 Rc8 12. O-O g5 13. g3 Qb6 14. Qb3 Qc5
15. Rfd1 b6 16. Bf1 Kg7 17. Bg2 Rcd8 18. Qc2 a5 19. Nf5+ Kh8 20. Nxd6 Nxf3+ 21.
Bxf3 Rxd6 22. Rd4 f5 23. Rad1 b5 24. a3 Rc8 25. Qd3 Rcd8 26. Be2 Rb8 27. Qd2
Rbd8 28. Bf1 Rb6 29. e4 fxe4 30. Qxg5 Re8 31. Rxe4 Qe7 32. Qxe7 Rxe7 33. Rxd5
Rc7 34. Rxb5 Rd6 35. f4 Rd1 36. Kf2 a4 37. Be2 Rh1 38. h4 Bb3 39. Bf1 f5 40.
Rxf5 1-0

[Event "VIII CAMPEONATO CONTINENTAL DE LAS AMERI"]
[Site "Hotel Casa Campestre - Cochaba"]
[Date "2013.05.12"]
[Round "8"]
[White "Nunez Marquina, Nataly Massiel"]
[Black "Lopez, Bruno"]
[Result "1-0"]
[WhiteElo "1942"]
[BlackElo "1734"]
[PlyCount "69"]
[EventDate "2013.05.07"]
[EventRounds "11"]
[EventCountry "BOL"]

1. e4 c5 2. Nf3 Nc6 3. d4 cxd4 4. Nxd4 Nf6 5. Nc3 e5 6. Ndb5 d6 7. Bg5 a6 8.
Na3 b5 9. Bxf6 gxf6 10. Nd5 Bg7 11. Bd3 Ne7 12. c4 f5 13. Nc2 Nxd5 14. cxd5
Qa5+ 15. b4 Qd8 16. Qh5 Qe7 17. O-O f4 18. a4 bxa4 19. Rxa4 O-O 20. Rfa1 f5 21.
b5 Rf6 22. bxa6 Rh6 23. Qf3 fxe4 24. Bxe4 Qg5 25. a7 Rh3 26. Qe2 f3 27. Bxf3
Rxf3 28. Qxf3 e4 29. Qxe4 Bxa1 30. Rxa1 Bf5 31. Qb4 Qd8 32. Ne3 Bg6 33. Qb7 Kh8
34. h3 Qg8 35. Ra6 1-0

[Event "VIII CAMPEONATO CONTINENTAL DE LAS AMERI"]
[Site "Hotel Casa Campestre - Cochaba"]
[Date "2013.05.12"]
[Round "8"]
[White "Ruiz, Samuel"]
[Black "Monroy, Nathaly"]
[Result "0-1"]
[WhiteElo "1710"]
[BlackElo "1791"]
[PlyCount "76"]
[EventDate "2013.05.07"]
[EventRounds "11"]
[EventCountry "BOL"]

1. e4 Nf6 2. Nc3 d5 3. e5 d4 4. exf6 dxc3 5. bxc3 exf6 6. Nf3 Bd6 7. Bc4 O-O 8.
O-O Be6 9. Bb3 c5 10. Bb2 c4 11. Re1 cxb3 12. cxb3 Nc6 13. d4 Bg4 14. h3 Bd7
15. Qc2 Qc8 16. c4 b6 17. Rad1 Bf5 18. Qc1 Ne7 19. d5 Ng6 20. Ba3 Bxa3 21. Qxa3
Bxh3 22. gxh3 Qxh3 23. Re3 Nf4 24. Ne1 Qg4+ 25. Kf1 Qxd1 26. Qd6 Qg4 27. Re4
Qh3+ 28. Kg1 Ng6 29. Qc6 Ne5 30. Qc7 Rac8 31. Qxa7 Ng4 32. Rxg4 Qxg4+ 33. Ng2
h5 34. Qxb6 h4 35. Kh2 Rce8 36. d6 h3 37. Ne3 Rxe3 38. Qxe3 Qg2# 0-1

[Event "VIII CAMPEONATO CONTINENTAL DE LAS AMERI"]
[Site "Hotel Casa Campestre - Cochaba"]
[Date "2013.05.12"]
[Round "8"]
[White "Molina, Jessica"]
[Black "Medrano, Sebastian"]
[Result "0-1"]
[WhiteElo "1585"]
[BlackElo "1803"]
[PlyCount "114"]
[EventDate "2013.05.07"]
[EventRounds "11"]
[EventCountry "BOL"]

1. d4 Nf6 2. c4 e5 3. d5 Bc5 4. Nc3 d6 5. Qc2 O-O 6. Bg5 Bxf2+ 7. Kxf2 Ng4+ 8.
Ke1 Qxg5 9. Nf3 Qe3 10. Nd1 Qc5 11. e4 Ne3 12. Nxe3 Qxe3+ 13. Qe2 Qxe2+ 14.
Bxe2 f5 15. Bd3 fxe4 16. Bxe4 Bf5 17. Nd2 Bg4 18. Rf1 Rxf1+ 19. Nxf1 Nd7 20. h3
Nf6 21. Bc2 Bd7 22. Ng3 g6 23. Ke2 Rf8 24. Rf1 Ne8 25. Rxf8+ Kxf8 26. Ke3 Kg7
27. a3 a5 28. b4 axb4 29. axb4 h5 30. Bd3 Nf6 31. Ne4 Nxe4 32. Bxe4 Bf5 33. Bf3
Kf6 34. h4 Bb1 35. g3 Kf5 36. Be2 e4 37. Kd4 Bd3 38. Bd1 b6 39. b5 Bf1 40. Bc2
Bg2 41. Bd1 Bf3 42. Bxf3 exf3 43. Ke3 f2 44. Kxf2 Ke4 45. Ke2 Kd4 46. Kf3 Kxc4
47. g4 Kxd5 48. gxh5 gxh5 49. Kf4 Ke6 50. Kg5 d5 51. Kxh5 Kf5 52. Kh6 d4 53. h5
d3 54. Kg7 d2 55. h6 d1=Q 56. h7 Qd7+ 57. Kg8 Qe6+ 0-1

[Event "VIII CAMPEONATO CONTINENTAL DE LAS AMERI"]
[Site "Hotel Casa Campestre - Cochaba"]
[Date "2013.05.13"]
[Round "9"]
[White "Iturrizaga, Eduardo"]
[Black "Ortiz Suarez, Isan Reynaldo"]
[Result "1/2-1/2"]
[WhiteElo "2655"]
[BlackElo "2598"]
[PlyCount "23"]
[EventDate "2013.05.07"]
[EventRounds "11"]
[EventCountry "BOL"]

1. Nf3 d5 2. d4 Nf6 3. c4 c6 4. Nc3 e6 5. e3 Nbd7 6. Qc2 Bd6 7. b3 O-O 8. Bb2
Qe7 9. Be2 b6 10. O-O Bb7 11. Rfe1 Rac8 12. Rad1 1/2-1/2

[Event "VIII CAMPEONATO CONTINENTAL DE LAS AMERI"]
[Site "Hotel Casa Campestre - Cochaba"]
[Date "2013.05.13"]
[Round "9"]
[White "Bruzon Batista, Lazaro"]
[Black "Flores, Diego"]
[Result "1/2-1/2"]
[WhiteElo "2707"]
[BlackElo "2586"]
[PlyCount "39"]
[EventDate "2013.05.07"]
[EventRounds "11"]
[EventCountry "BOL"]

1. e4 e5 2. Nf3 Nc6 3. Bb5 a6 4. Ba4 Nf6 5. O-O Be7 6. Re1 b5 7. Bb3 d6 8. c3
O-O 9. a3 d5 10. exd5 Nxd5 11. Nxe5 Nxe5 12. Rxe5 c6 13. d3 Bd6 14. Re1 Qh4 15.
g3 Qh3 16. Re4 Qf5 17. Nd2 Qf6 18. Nf1 Bf5 19. Bc2 Rad8 20. Bd2 1/2-1/2

[Event "VIII CAMPEONATO CONTINENTAL DE LAS AMERI"]
[Site "Hotel Casa Campestre - Cochaba"]
[Date "2013.05.13"]
[Round "9"]
[White "Bachmann, Axel"]
[Black "Pacheco, Marco"]
[Result "1-0"]
[WhiteElo "2531"]
[BlackElo "2384"]
[PlyCount "45"]
[EventDate "2013.05.07"]
[EventRounds "11"]
[EventCountry "BOL"]

1. c4 e5 2. Nc3 Nf6 3. g3 Bb4 4. Bg2 O-O 5. Nf3 e4 6. Ng5 Bxc3 7. bxc3 Re8 8.
O-O Nc6 9. d3 exd3 10. exd3 b6 11. Nh3 h6 12. Nf4 Bb7 13. Be3 d6 14. Rb1 Qc8
15. Nd5 Nxd5 16. cxd5 Ne7 17. c4 c6 18. dxc6 Bxc6 19. Bxc6 Nxc6 20. Qf3 Ne5 21.
Qd5 Qh3 22. Rfe1 Qf5 23. f4 1-0

[Event "VIII CAMPEONATO CONTINENTAL DE LAS AMERI"]
[Site "Hotel Casa Campestre - Cochaba"]
[Date "2013.05.13"]
[Round "9"]
[White "Perez Garcia, Rodney Oscar"]
[Black "Principe, Alexander"]
[Result "1/2-1/2"]
[WhiteElo "2381"]
[BlackElo "2261"]
[PlyCount "43"]
[EventDate "2013.05.07"]
[EventRounds "11"]
[EventCountry "BOL"]

1. e4 c5 2. Nf3 d6 3. d4 cxd4 4. Nxd4 Nf6 5. Nc3 a6 6. Be2 e5 7. Nb3 Be7 8. Bg5
Nbd7 9. a4 O-O 10. O-O Qc7 11. a5 b5 12. axb6 Nxb6 13. Na5 Be6 14. Qd2 Rfd8 15.
Bxf6 Bxf6 16. Nd5 Nxd5 17. exd5 Bd7 18. Ra2 Rdb8 19. Rfa1 e4 20. c3 Qc5 21. Nc4
Bb5 22. Ne3 1/2-1/2

[Event "VIII CAMPEONATO CONTINENTAL DE LAS AMERI"]
[Site "Hotel Casa Campestre - Cochaba"]
[Date "2013.05.13"]
[Round "9"]
[White "Cornejo P, Guillermo"]
[Black "Mendoza, Rodrigo"]
[Result "1/2-1/2"]
[WhiteElo "2222"]
[BlackElo "2148"]
[PlyCount "48"]
[EventDate "2013.05.07"]
[EventRounds "11"]
[EventCountry "BOL"]

1. e4 c6 2. Nc3 d5 3. Nf3 dxe4 4. Nxe4 Nf6 5. Nxf6+ gxf6 6. d4 Bg4 7. Be2 e6 8.
Bf4 Bd6 9. Qd2 Qc7 10. Bg3 Nd7 11. O-O-O O-O-O 12. Kb1 Bh5 13. Bxd6 Qxd6 14.
Qa5 Bxf3 15. Bxf3 Kb8 16. c4 Qc7 17. Qc3 Nb6 18. g3 Rd7 19. Rd2 Rhd8 20. Rhd1
f5 21. b3 f6 22. Bg2 Nc8 23. Qe3 e5 24. Bh3 Ne7 1/2-1/2

[Event "VIII CAMPEONATO CONTINENTAL DE LAS AMERI"]
[Site "Hotel Casa Campestre - Cochaba"]
[Date "2013.05.13"]
[Round "9"]
[White "Arias, Juan Cruz"]
[Black "Kropff, Ricardo"]
[Result "1/2-1/2"]
[WhiteElo "1933"]
[BlackElo "2224"]
[PlyCount "45"]
[EventDate "2013.05.07"]
[EventRounds "11"]
[EventCountry "BOL"]

1. e4 c5 2. Nc3 d6 3. g3 Nc6 4. Bg2 g6 5. d3 Bg7 6. Be3 e6 7. Qd2 Rb8 8. Nge2
Nd4 9. Bxd4 cxd4 10. Nb5 Qb6 11. Qb4 Ke7 12. c3 dxc3 13. bxc3 a6 14. Nbd4 Qxb4
15. cxb4 Bd7 16. Rc1 Nf6 17. Kd2 Rhc8 18. f4 e5 19. Nc2 Be6 20. a3 d5 21. fxe5
Bh6+ 22. Nf4 Nh5 23. Rhf1 1/2-1/2

[Event "VIII CAMPEONATO CONTINENTAL DE LAS AMERI"]
[Site "Hotel Casa Campestre - Cochaba"]
[Date "2013.05.13"]
[Round "9"]
[White "Ferrufino, Boris"]
[Black "Sanchez Sandoval, Gonzalo"]
[Result "1/2-1/2"]
[WhiteElo "2211"]
[BlackElo "2103"]
[PlyCount "46"]
[EventDate "2013.05.07"]
[EventRounds "11"]
[EventCountry "BOL"]

1. d4 Nf6 2. Nf3 g6 3. Nbd2 c5 4. c3 cxd4 5. cxd4 d5 6. e3 Bg7 7. Bd3 O-O 8.
Ne5 b6 9. Ndf3 Ne4 10. O-O Nd6 11. Be2 Ba6 12. Bxa6 Nxa6 13. Qa4 Nb8 14. Qb3 e6
15. Bd2 f6 16. Nd3 Nc6 17. Nf4 Qd7 18. Bb4 Nxb4 19. Qxb4 Rac8 20. Rfc1 Rxc1+
21. Rxc1 Rc8 22. Qe1 Bf8 23. h4 Kf7 1/2-1/2

[Event "VIII CAMPEONATO CONTINENTAL DE LAS AMERI"]
[Site "Hotel Casa Campestre - Cochaba"]
[Date "2013.05.13"]
[Round "9"]
[White "Salazar, Carlos"]
[Black "Cruz Pereyra, Andresantoni"]
[Result "1/2-1/2"]
[WhiteElo "2167"]
[BlackElo "1947"]
[PlyCount "26"]
[EventDate "2013.05.07"]
[EventRounds "11"]
[EventCountry "BOL"]

1. c4 b6 2. Nc3 c5 3. Nf3 g6 4. d4 cxd4 5. Nxd4 Bg7 6. e4 Bb7 7. Be3 a6 8. Be2
Nf6 9. O-O Nc6 10. Qd2 O-O 11. f3 Re8 12. Rfd1 Rc8 13. Rac1 Qc7 1/2-1/2

[Event "VIII CAMPEONATO CONTINENTAL DE LAS AMERI"]
[Site "Hotel Casa Campestre - Cochaba"]
[Date "2013.05.13"]
[Round "9"]
[White "Rojas Barrero, Andres Humberto"]
[Black "Aguilar, Pedro"]
[Result "1-0"]
[WhiteElo "2227"]
[BlackElo "1987"]
[PlyCount "47"]
[EventDate "2013.05.07"]
[EventRounds "11"]
[EventCountry "BOL"]

1. e4 e5 2. Nf3 Nc6 3. Bb5 a6 4. Ba4 Nf6 5. d4 exd4 6. O-O Be7 7. e5 Ne4 8.
Nxd4 Nc5 9. Nf5 Ne6 10. Qg4 g6 11. Nxe7 Nxe7 12. Nc3 h5 13. Qf3 Ng8 14. Ne4 Rb8
15. Bb3 Qe7 16. Be3 b6 17. Bd5 h4 18. g4 hxg3 19. fxg3 Rh5 20. Bxe6 dxe6 21.
Bg5 Qf8 22. Rad1 Bb7 23. Qd3 Rxg5 24. Qd7# 1-0

[Event "VIII CAMPEONATO CONTINENTAL DE LAS AMERI"]
[Site "Hotel Casa Campestre - Cochaba"]
[Date "2013.05.13"]
[Round "9"]
[White "Slomka, Gustavo"]
[Black "Molina, Jorge"]
[Result "0-1"]
[WhiteElo "2055"]
[BlackElo "2144"]
[PlyCount "47"]
[EventDate "2013.05.07"]
[EventRounds "11"]
[EventCountry "BOL"]

1. b3 Nf6 2. Bb2 d5 3. e3 Bf5 4. f4 e6 5. Nf3 Nbd7 6. Be2 Bg4 7. O-O c6 8. Ne5
Bxe2 9. Qxe2 Bd6 10. d3 Qc7 11. Nxd7 Qxd7 12. Nd2 O-O-O 13. a4 Qe7 14. a5 a6
15. Nf3 Rdg8 16. Rab1 Nd7 17. c4 Bb4 18. cxd5 exd5 19. Ra1 f6 20. e4 Nc5 21.
Nd4 dxe4 22. Nf5 Qe6 23. dxe4 Nxe4 24. Ng3 0-1